000 02144nam0a2200397 4500
001 RU\NLR\BIBL_A\012469541
005 20220909155512.0
010 _a978-5-16-014391-0
_bprint
010 _a978-5-16-106901-1
_bonline
_9500
021 _aRU
_bКН-П-20-067259
_9КН-П-20-5058
035 _a(NLR Aleph) 012469541
035 _a(RuMoRGB)010466667
090 _a12071430
_c12071430
100 _a20210310d2021 u y0rusy50 ca
101 0 _arus
102 _aRU
105 _a||||zzzz0|||y
181 0 _ai
_baxxe
182 0 _an
200 1 _aСанитария и гигиена парикмахерских услуг
_eучебное пособие
_eдля среднего профессионального образования по специальности 43.02.13 "Технология парикмахерского искусства"
_fИ. С. Тундалева
203 _aТекст
_bвизуальный
_cнепосредственный
210 _aМосква
_cИНФРА-М
_d2021 [т.е. 2020]
215 _a203 с.
_d22
225 1 _aСреднее профессиональное образование
300 _aНа обороте тит. л. авт.: к.п.н., преп. И.С. Тундалева
300 _aФактическая дата выхода в свет - 2020
320 _aБиблиогр.: с. 182-183 (19 назв.)
606 1 _aПарикмахерские
_jУчебные издания для среднего профессионального образования
_xСанитария
_92032136
_3RU\NLR\AUTH\66936198
606 1 _aПарикмахерское дело
_jУчебные издания для среднего профессионального образования
_xГигиена труда
_92032225
_3RU\NLR\AUTH\66936241
686 1 _aР124.57я72
686 1 _aР121.289.43я72
700 1 _7ca
_8rus
_aТундалева
_bИ. С.
_cканд. пед. наук
_gИрина Сергеевна
_9246191
_3RU\NLR\AUTH\770246247
942 _cBOOK
980 _aNB